[Event "GRE-chT"]
[Site "Athens"]
[Date "1996.??.??"]
[Round "8"]
[White "Shipov, Sergei"]
[Black "Atalik, Suat"]
[Result "1-0"]
[WhiteElo "2540"]
[BlackElo "2535"]

1.d4 Nf6 2.c4 g6 3.Nc3 Bg7 4.e4 d6 5.Nf3 O-O 6.Be2 e5 7.Be3 exd4 8.Nxd4 Re8
9.f3 c6 10.Bf2 d5 11.exd5 cxd5 12.O-O Nc6 13.c5 Nh5 14.Qd2 Be5 15.g3 Ng7
16.Bb5 Bd7 17.Bxc6 bxc6 18.b4 Qf6 19.f4 Bc7 20.b5 cxb5 21.Nxd5 Qd8 22.c6 Be6
23.Nxc7 Qxc7 24.a4 bxa4 25.Rxa4 Bh3 26.Rc1 a6 27.Nf3 Re6 28.Qa5 Qc8 29.Ng5 Re2
30.Qd5 Qf5 31.Qxf5 Bxf5 32.c7 Ree8 33.Bb6 Bc8 34.Ne4 Re6 35.Ba5 Bb7 36.Nc5 Rc6
37.Rb4  1-0

[Event "AUT-chT2O 9697"]
[Site "Austria"]
[Date "1996.??.??"]
[Round "?"]
[White "Voegel, Wolfgang"]
[Black "Boehm, Hermann"]
[Result "1/2-1/2"]
[WhiteElo "2235"]
[BlackElo "2180"]

1.d4 Nf6 2.c4 g6 3.Nc3 Bg7 4.e4 d6 5.Nf3 O-O 6.Be2 Nbd7 7.O-O e5 8.Re1 c6
9.Bf1 Re8 10.Rb1 a5 11.b3 exd4 12.Nxd4 Ng4 13.Qxg4 Bxd4 14.Qg3  1/2-1/2

[Event "AUT-chT2W 9697"]
[Site "Austria"]
[Date "1996.??.??"]
[Round "1"]
[White "Kranz, Armin"]
[Black "Laube, Bernhard"]
[Result "0-1"]
[WhiteElo "2125"]
[BlackElo "2290"]

1.d4 Nf6 2.c4 g6 3.Nc3 Bg7 4.e4 d6 5.Nf3 O-O 6.Be2 e5 7.d5 a5 8.Bg5 h6 9.Bh4 g5
10.Bg3 Nh5 11.h4 Nf4 12.hxg5 hxg5 13.Kf1 Qf6 14.Nd2 Nxe2 15.Qxe2 Qg6 16.Qh5 c6
17.Nf3 Qxh5 18.Rxh5 f6 19.Ke2 Bg4 20.Rh2 Na6 21.Kd2 Bxf3 22.gxf3 Nc5 23.Ke2 a4
24.Rd1 Rfd8 25.Rdh1 Ra6 26.Rd1 Rb6 27.Rd2 Rb4 28.Rh1 Rxc4 29.Rhd1 Bf8 30.Ke3 Re8
31.Nb1 g4 32.Na3 Rb4 33.Rc2 cxd5 34.exd5 f5 35.Ke2 gxf3+ 36.Kxf3 Ne4 37.Bh2 Rd8
38.Rg1+ Kf7 39.Nc4 Rxc4  0-1

[Event "AUT-chT2S 9697"]
[Site "Austria"]
[Date "1996.??.??"]
[Round "1"]
[White "Titz, Heimo"]
[Black "Schlosser, Michael"]
[Result "1-0"]
[WhiteElo "2380"]
[BlackElo "2325"]

1.c4 g6 2.e4 Bg7 3.d4 d6 4.Nc3 Nf6 5.Nf3 O-O 6.Be2 e5 7.Be3 h6 8.dxe5 Ng4
9.Bd2 Nxe5 10.O-O Nbc6 11.Rc1 Be6 12.b3 Qd7 13.Nd5 g5 14.h3 Ng6 15.Be3 f5
16.exf5 Bxf5 17.Nd4 Bxh3 18.gxh3 Qxh3 19.Bg4 Qh4 20.Nf5 Rxf5 21.Bxf5 Be5
22.Re1 Nd4 23.Bxd4 Bxd4 24.Qf3 Ne5 25.Be6+  1-0

[Event "AUT-chT2S 9697"]
[Site "Austria"]
[Date "1996.??.??"]
[Round "1"]
[White "Fassl, Erich"]
[Black "Jochinger, Ferdinand"]
[Result "0-1"]
[WhiteElo "2220"]
[BlackElo "2240"]

1.d4 Nf6 2.Nf3 g6 3.c4 Bg7 4.Nc3 d6 5.e4 O-O 6.Be2 Nbd7 7.O-O e5 8.Qc2 exd4
9.Nxd4 Nc5 10.Rd1 Re8 11.f3 a5 12.Bg5 h6 13.Bh4 Bd7 14.b3 Qc8 15.Nd5 g5 16.Bf2 Nh5
17.g4 Nf6 18.h3 Nxd5 19.cxd5 c6 20.dxc6 bxc6 21.Rac1 Be5 22.Qd2 Qb7 23.Nc2 Ne6
24.Bf1 c5 25.Bc4 Nf4 26.Bf1 Be6 27.h4 f6 28.h5 a4 29.b4 Bxa2 30.bxc5 dxc5
31.Bxc5 Bb3 32.Ne3 Bxd1 33.Rxd1 Qb2 34.Nf5 Qxd2 35.Rxd2 Red8 36.Bc4+ Kh7
37.Bd5 Rab8 38.Be7 Rdc8 39.Bf7 Rb1+ 40.Kf2 Rcc1 41.Bg6+ Nxg6 42.hxg6+ Kxg6
43.Bf8 Rb2 44.Ke2 Bc3 45.Rxb2 Bxb2  0-1

[Event "AUT-chT2S 9697"]
[Site "Austria"]
[Date "1996.??.??"]
[Round "2"]
[White "Singer, Richard"]
[Black "Januschke, Markus"]
[Result "1/2-1/2"]
[WhiteElo "2225"]
[BlackElo "2165"]

1.d4 Nf6 2.c4 g6 3.Nc3 Bg7 4.e4 O-O 5.Nf3 d6 6.Be2 e5 7.d5 a5 8.Bg5 Nbd7
9.Nd2 h6 10.Bh4 Nc5 11.f3 Bd7 12.O-O Qe8 13.Bf2 Nh5 14.g3 Qe7 15.b3 Qg5 16.Kh1 f5
17.a3 Qe7 18.b4 axb4 19.axb4 Rxa1 20.Qxa1 Na6 21.Qb2 Nf6 22.c5 Nb8 23.Qa3 fxe4
24.Ndxe4 Bh3 25.Rd1 Nbd7 26.Bg1  1/2-1/2

[Event "AUT-chT2O 9697"]
[Site "Austria"]
[Date "1996.??.??"]
[Round "2"]
[White "Voegel, Wolfgang"]
[Black "Schuh, Franz"]
[Result "1-0"]
[WhiteElo "2235"]
[BlackElo "2280"]

1.d4 Nf6 2.c4 g6 3.Nc3 Bg7 4.e4 d6 5.Nf3 O-O 6.Be2 Nbd7 7.O-O e5 8.Re1 c6
9.Bf1 a6 10.Rb1 b5 11.dxe5 Nxe5 12.Nxe5 dxe5 13.b4 Be6 14.Qc2 Qe7 15.Be3 Nd7
16.f3 Rfc8 17.Red1 Bf8 18.c5 a5 19.bxa5 Nxc5 20.a4 Rxa5 21.axb5 cxb5 22.Nd5 Bxd5
23.Rxd5 Ra3 24.Qc1 Raa8 25.Qd2 Na4 26.Rd7 Qe6 27.Rxb5 Nc3 28.Rb6 Qe8 29.Rbb7 Ra2
30.Qd3 Ra1 31.Rxf7 Nd1 32.Qb3  1-0

[Event "AUT-chT2O 9697"]
[Site "Austria"]
[Date "1996.??.??"]
[Round "2"]
[White "Wukits, Rene"]
[Black "Fusi, Christopher"]
[Result "1-0"]
[WhiteElo "2280"]
[BlackElo "2210"]

1.d4 Nf6 2.c4 g6 3.Nc3 Bg7 4.e4 d6 5.Be2 O-O 6.Nf3 e5 7.d5 a5 8.O-O Na6 9.Ne1 Nc5
10.Qc2 Bd7 11.Bg5 h6 12.Be3 b6 13.f3 Kh7 14.g3 Ng8 15.Ng2 f5 16.exf5 Bxf5
17.Qd2 Bh3 18.Rae1 Qd7 19.Bd1 h5 20.Bc2 Bh6 21.Nh4 Bf5 22.Nxf5 gxf5 23.Kh1 Bxe3
24.Qxe3 Kh8 25.Qg5 Qh7 26.g4 Qh6 27.Qxh6+ Nxh6 28.gxh5 Rg8 29.Rg1 Rxg1+ 30.Rxg1 Rg8
31.Rg3 Rg7 32.Kg2 Rf7 33.Rg5 e4 34.fxe4 Ng4 35.Nd1 Ne5 36.exf5 Nxc4 37.b3 Na3
38.Ne3 Nxc2 39.Nxc2 Ne4 40.Rg4 Nf6 41.Rd4 Nxh5 42.Ne3 Kg7 43.Kf3 Kf6 44.Re4 Ng7
45.h4 Rd7 46.Ng4+ Kf7 47.Kf4 c5 48.dxc6 Rc7 49.Rc4 d5 50.Rc2 d4 51.Rd2 Kf8
52.Ne5  1-0

[Event "AUT-chT2S 9697"]
[Site "Austria"]
[Date "1996.??.??"]
[Round "2"]
[White "Janisch, Robert"]
[Black "Nickl, Klaus"]
[Result "0-1"]
[WhiteElo "2170"]
[BlackElo "2100"]

1.d4 Nf6 2.c4 g6 3.Nc3 Bg7 4.e4 d6 5.Nf3 O-O 6.Be2 e5 7.d5 a5 8.Bg5 h6 9.Bh4 Na6
10.Nd2 h5 11.O-O Bh6 12.f3 Be3+ 13.Bf2 Bxf2+ 14.Rxf2 g5 15.g3 Kh8 16.g4 Nc5
17.h3 Rg8 18.Bf1 h4 19.b3 c6 20.Qc2 Nh7 21.Bg2 Nf8 22.Nf1 Ng6 23.Rd1 Nf4
24.Ne2 cxd5 25.Nxf4 gxf4 26.Rxd5 Be6 27.Rd1 Qb6 28.Kh2 a4 29.Rb1 axb3 30.axb3 Nd3
31.Rd2 Nb4 32.Qd1 Ra2 33.Rxa2 Nxa2 34.Qe1 Nb4 35.Qxh4+ Kg7 36.Qe1 Ra8 37.Qc3 Nc6
38.Rb2 Nd4 39.Qe1 Bxc4 40.Nd2 Be6 41.Qf2 Qc5 42.b4 Qc3 43.Nb1 Qd3 44.Nd2 Ra1
45.Qh4 Ra8 46.Qg5+ Kf8 47.Qf6 Qc3 48.Ra2 Bxa2 49.Qh8+ Ke7 50.Qxa8 Qxd2 51.Qxb7+ Kf8
52.Qb8+ Kg7 53.Kh1 Qe1+ 54.Kh2 Qf2 55.Kh1 Ne2  0-1

[Event "AUT-chT2S 9697"]
[Site "Austria"]
[Date "1996.??.??"]
[Round "3"]
[White "Hafner, Robert"]
[Black "Nickl, Klaus"]
[Result "1-0"]
[WhiteElo "2170"]
[BlackElo "2070"]

1.d4 Nf6 2.c4 g6 3.Nc3 Bg7 4.e4 d6 5.Nf3 O-O 6.Be2 e5 7.O-O exd4 8.Nxd4 Re8
9.f3 Nc6 10.Be3 Nh5 11.Nxc6 bxc6 12.g4 Be5 13.Qd2 Bxh2+ 14.Kxh2 Qh4+ 15.Kg2 Qg3+
16.Kh1 Qh3+ 17.Kg1 Qg3+ 18.Kh1 Qh3+ 19.Kg1 Ng3 20.Kf2 Qh2+ 21.Ke1 Nxf1 22.Bxf1 Qe5
23.Bd3 h5 24.gxh5 Qxh5 25.Qg2 Bh3 26.Qg3 Be6 27.Kf2 d5 28.cxd5 cxd5 29.exd5 Bxd5
30.Nxd5 Qxd5 31.Bxg6 Qd6 32.Qxd6 cxd6 33.Be4 Rab8 34.Bd4 Kf8 35.b3 a5 36.Bf6 Rec8
37.Rh1 Ke8 38.Bf5  1-0

[Event "AUT-chT2S 9697"]
[Site "Austria"]
[Date "1996.??.??"]
[Round "5"]
[White "Pichler, P."]
[Black "Schnider, Gert"]
[Result "1-0"]
[WhiteElo "2035"]
[BlackElo "2215"]

1.d4 Nf6 2.c4 g6 3.Nc3 Bg7 4.e4 d6 5.Nf3 O-O 6.Be2 e5 7.Be3 Nc6 8.d5 Ne7
9.Nd2 Nd7 10.b4 f5 11.f3 Nf6 12.O-O f4 13.Bf2 g5 14.c5 Ng6 15.Nc4 Rf7 16.cxd6 cxd6
17.Nb5 Bf8 18.Nxa7 g4 19.Nxc8 Rxc8 20.Qd3 g3 21.hxg3 fxg3 22.Bxg3 Nh5 23.Bh2 Ngf4
24.Qd1 Nxg2 25.Rf2 Ngf4 26.Bxf4 Nxf4 27.Kh1 Rcc7 28.Ne3 Rg7 29.Rh2 Rg5 30.Nf5 Rf7
31.Qe1 Qf6 32.Qf2 Rc7 33.Bb5 Kh8 34.Qh4 Qg6 35.Rf1 Rh5 36.Qf2 Rg5 37.a4 Rf7
38.a5 Nxd5 39.Nh4 Qg7 40.exd5 e4 41.f4 Rg4 42.Ng2 Qc3 43.Qe1 Qb3 44.Qd1 Qg3
45.Qd4+  1-0

[Event "AUT-chT2S 9697"]
[Site "Austria"]
[Date "1996.??.??"]
[Round "6"]
[White "Nickl, Klaus"]
[Black "Krebs, Johann"]
[Result "0-1"]
[WhiteElo "2130"]
[BlackElo "2170"]

1.d4 Nf6 2.Nf3 g6 3.c4 Bg7 4.Nc3 O-O 5.e4 d6 6.Be2 e5 7.d5 a5 8.Bg5 h6 9.Bh4 Qe8
10.Nd2 Na6 11.O-O Nh7 12.a3 Bd7 13.Nb5 f5 14.f3 Bf6 15.Bxf6 Rxf6 16.b4 c6
17.dxc6 bxc6 18.Nc3 axb4 19.axb4 Nxb4 20.Qb3 c5 21.Nb5 Qb8 22.Qc3 Rxa1 23.Rxa1 Ng5
24.Bd3 Ne6 25.Re1 f4 26.Nb3 g5 27.Be2 h5 28.Rd1 Nc6 29.Bd3 Ned4 30.N3xd4 exd4
31.Qa3 Ne5 32.Rb1 Qd8 33.Bf1 g4 34.Be2 Rg6 35.Kh1 Qh4 36.Qc1 d3 37.Bf1 gxf3
38.Qe1 f2 39.Qd1 f3 40.Nxd6 fxg2+ 41.Bxg2 Rxd6 42.Qd2 Rg6 43.Rb8+ Kf7 44.Rb7 f1=Q+
45.Bxf1 Rg1+ 46.Kxg1 Nf3+  0-1

[Event "AUT-chT2S 9697"]
[Site "Austria"]
[Date "1996.??.??"]
[Round "6"]
[White "Wilfling, Hermann"]
[Black "Arwanitakis, Michael"]
[Result "1/2-1/2"]
[WhiteElo "2055"]
[BlackElo "2095"]

1.d4 Nf6 2.c4 g6 3.Nc3 Bg7 4.e4 d6 5.Nf3 O-O 6.Be2 e5 7.O-O exd4 8.Nxd4 Re8
9.f3 c6 10.Be3 d5 11.cxd5 Nxd5 12.Bf2 Nf4  1/2-1/2

[Event "AUT-chT2S 9697"]
[Site "Austria"]
[Date "1996.??.??"]
[Round "11"]
[White "Schroecker, Hans Peter"]
[Black "Buchegger, J."]
[Result "0-1"]
[WhiteElo "1995"]
[BlackElo "2220"]

1.Nf3 Nf6 2.c4 g6 3.Nc3 Bg7 4.e4 d6 5.d4 O-O 6.Be2 e5 7.Be3 Ng4 8.Bg5 f6
9.Bh4 Nh6 10.d5 a5 11.Nd2 Na6 12.f3 Bd7 13.a3 Qe8 14.b3 f5 15.Bf2 f4 16.Rb1 g5
17.b4 axb4 18.axb4 b6 19.c5 dxc5 20.bxc5 Nxc5 21.Bxc5 bxc5 22.O-O Rb8 23.Nb3 Qe7
24.Na5 Rxb1 25.Qxb1 g4 26.fxg4 Bxg4 27.Bf3 Kh8 28.Qd1 Qg5 29.Nb5 Rg8 30.Nxc7 Bxf3
31.Rxf3 Bf6 32.Qe2 Ng4 33.Ne6 Qg6 34.Nc4 Qh5 35.h3 Nh6 36.Nxc5 Nf7 37.Ne6 Be7
38.Qd2 Qxf3 39.d6 Bd8 40.Nxd8 Nxd8  0-1

[Event "AUT-ch (Women)"]
[Site "?"]
[Date "1996.??.??"]
[Round "1"]
[White "Mira, Helene"]
[Black "Schwaninger, Ulrike"]
[Result "1-0"]
[WhiteElo "2185"]
[BlackElo "1790"]

1.d4 Nf6 2.c4 g6 3.Nc3 Bg7 4.e4 d6 5.Be2 O-O 6.Nf3 e5 7.d5 a5 8.Bg5 Na6 9.Nd2 h6
10.Bh4 g5 11.Bg3 c6 12.h4 g4 13.h5 Qd7 14.Rh4 Nc7 15.Nf1 cxd5 16.exd5 b5
17.cxb5 a4 18.Ne3 a3 19.Rb1 axb2 20.Rxb2 Kh8 21.Qd2 Ra3 22.Nxg4 Nxg4 23.Rxg4 f5
24.Rg6 Rxc3 25.Qxc3 Nxd5 26.Qc6 Qxc6 27.bxc6 f4 28.Bh4 e4 29.Rxd6 Bxb2 30.Rxd5 Be6
31.Rd8 Bc3+ 32.Kf1 Kg7 33.Rxf8 Kxf8 34.a4 Ba5 35.Bf6 Bc7 36.Bc3 Bd5 37.Bb5 Ke7
38.Bb4+ Kd8 39.Bf8 Kc8 40.Bxh6 Bf7 41.Be2 Be8 42.Bg7 f3 43.gxf3 Bxh5 44.fxe4 Be8
45.Bg4+ Kb8 46.Bd7 Bf7 47.e5  1-0

[Event "AUT-ch95 playoff"]
[Site "?"]
[Date "1996.??.??"]
[Round "2"]
[White "Hoelzl, Franz"]
[Black "Stanec, Nikolaus"]
[Result "1/2-1/2"]
[WhiteElo "2430"]
[BlackElo "2490"]

1.c4 Nf6 2.Nf3 g6 3.Nc3 Bg7 4.d4 O-O 5.e4 d6 6.Be2 Nbd7 7.O-O e5 8.Be3 exd4
9.Nxd4 Re8 10.Qc2 Nc5 11.f3 c6 12.Rfd1 Qe7 13.Bf1 a5 14.Qd2 Nfd7 15.Bf2 a4
16.Rab1 Be5 17.g3 Bg7 18.Nc2 Be5 19.Nd4 Bg7 20.Nc2  1/2-1/2

[Event "AUT-ch95 playoff"]
[Site "?"]
[Date "1996.??.??"]
[Round "3"]
[White "Stanec, Nikolaus"]
[Black "Hoelzl, Franz"]
[Result "1-0"]
[WhiteElo "2490"]
[BlackElo "2430"]

1.c4 Nf6 2.Nc3 g6 3.e4 d6 4.d4 Bg7 5.Nf3 O-O 6.Be2 e5 7.O-O exd4 8.Nxd4 Re8
9.f3 Nc6 10.Nxc6 bxc6 11.Bg5 Be6 12.Qd2 Qb8 13.Rac1 Nd7 14.f4 Nc5 15.Bh4 Qb4
16.Bf2 Rab8 17.Bxc5 Qxc5+ 18.Kh1 f5 19.b3 Qd4 20.Qxd4 Bxd4 21.Bd3 Re7 22.Ne2 Be3
23.Rc3 Kf7 24.Bc2 Bc5 25.Ng3 Bd4 26.Rcf3 fxe4 27.Bxe4 Bg4 28.Rd3 c5 29.f5 Rbe8
30.fxg6+ Kg7 31.Bf5 Be2 32.Nxe2 Rxe2 33.gxh7 Kh8 34.Bg6 Rf2 35.Rdd1 Ree2
36.Rxf2 Rxf2 37.Bb1 a5 38.Re1 Be5 39.g3 Kg7 40.Rd1 Bd4 41.a4 Rb2 42.Rf1 Be5
43.Be4 Rxb3 44.Rf5 Rb8 45.Rg5+ Kh8 46.h4 Bg7 47.Kg2 Rb2+ 48.Kf3 Rb3+ 49.Kg2 Re3
50.Rg4  1-0

[Event "AUT-chT9596"]
[Site "?"]
[Date "1996.??.??"]
[Round "?"]
[White "Titz, Heimo"]
[Black "Woeber, Friedrich"]
[Result "1-0"]
[WhiteElo "2305"]
[BlackElo "2225"]

1.c4 Nf6 2.Nc3 g6 3.e4 d6 4.d4 Bg7 5.Nf3 O-O 6.Be2 e5 7.Be3 exd4 8.Nxd4 Re8
9.f3 Nc6 10.O-O Nh5 11.Nxc6 bxc6 12.Qd2 Ba6 13.Rfe1 Qb8 14.Rac1 Nf6 15.b3 c5
16.Bf1 Bb7 17.Bf2 Nd7 18.Nd5 a5 19.Rb1 Bxd5 20.cxd5 Qb4 21.Qe2 Nb6 22.a4 Bd4
23.Red1 Bxf2+ 24.Qxf2 Rab8 25.Bd3 Qc3 26.Bb5 Re7 27.Rd3 Qe5 28.Qd2 Ra8 29.Re1 g5
30.Bc6 Ra7 31.g3 c4 32.bxc4 Nxc4 33.Qc1 Nb6 34.f4 Qg7 35.Kh1 h6 36.Qe3 Ra6
37.Rb3 Nd7 38.Bxd7 Rxd7 39.Rb8+ Kh7 40.e5 dxe5 41.fxe5 Rb6 42.Rxb6 cxb6 43.e6 fxe6
44.dxe6 Re7 45.Qxb6 Qc3 46.Qb1+ Kg7 47.Qe4 Qb4 48.Qe5+ Kg8 49.Re4 Qd2 50.h4 Rb7
51.Re2 Rb1+ 52.Kh2 Qc1 53.Qe4 gxh4 54.Qg2 h3 55.e7 hxg2 56.e8=Q+ Kg7 57.Re7+ Kf6
58.Qf7+ Kg5 59.Re5+  1-0

[Event "AUT-chT9596"]
[Site "?"]
[Date "1996.??.??"]
[Round "?"]
[White "Bischoff, Klaus"]
[Black "Stanec, Nikolaus"]
[Result "1/2-1/2"]
[WhiteElo "2520"]
[BlackElo "2490"]

1.Nf3 Nf6 2.d4 g6 3.c4 Bg7 4.Nc3 O-O 5.e4 d6 6.Be2 e5 7.d5 a5 8.Bg5 h6 9.Be3 Ng4
10.Bd2 f5 11.exf5 gxf5 12.g3 Na6 13.Nh4 Nc5 14.O-O Nf6 15.Qc2 Nfe4 16.Nxe4 Nxe4
17.Be3 Qf6 18.Bh5 Ng5 19.f4 exf4 20.Bxf4 Nh3+ 21.Kg2 Nxf4+ 22.Rxf4 Qxb2 23.Qxb2 Bxb2
24.Raf1 Be5  1/2-1/2

[Event "AUT-chT9596"]
[Site "?"]
[Date "1996.??.??"]
[Round "?"]
[White "Titz, Heimo"]
[Black "Vombek, Dani"]
[Result "1-0"]
[WhiteElo "2305"]
[BlackElo "2300"]

1.c4 g6 2.e4 Bg7 3.d4 d6 4.Nc3 Nf6 5.Nf3 O-O 6.Be2 e5 7.Be3 exd4 8.Nxd4 Re8
9.f3 Nc6 10.O-O Nh5 11.Nxc6 bxc6 12.Qd2 f5 13.Bg5 Bf6 14.Bxf6 Qxf6 15.exf5 gxf5
16.f4 Ng7 17.Bf3 Bd7 18.Rad1 Rab8 19.Rf2 Re7 20.b4 Qf7 21.b5 Be6 22.Bxc6 Bxc4
23.a4 a6 24.Nd5 Re4 25.Ne3 axb5 26.axb5 Be6 27.Bxe4 fxe4 28.f5 Bb3 29.Ng4 Kf8
30.Re1 Re8 31.Qh6 Qh5 32.f6 Qxh6 33.Nxh6 Ne6 34.Rxe4 Bd5 35.Rg4 Nd8 36.Rf5  1-0

[Event "AUT-chT9596"]
[Site "?"]
[Date "1996.??.??"]
[Round "?"]
[White "Weiss, Christian"]
[Black "Baumegger, Siegfried"]
[Result "1/2-1/2"]
[WhiteElo "2290"]
[BlackElo "2265"]

1.Nf3 Nf6 2.d4 g6 3.c4 Bg7 4.Nc3 O-O 5.e4 d6 6.Be2 e5 7.O-O exd4 8.Nxd4 Re8
9.f3 Nc6 10.Be3 Nh5 11.Qd2 Nf4 12.Nxc6 Nxe2+ 13.Nxe2 bxc6 14.Bd4 Bxd4+ 15.Nxd4 c5
16.Nc2 Be6 17.Ne3 Qf6 18.Rac1 Qe5 19.Qc3 Qxc3 20.Rxc3 a5 21.Rd1 Reb8 22.Rd2 Rb4
23.Kf2 Rab8 24.Rcc2 Kg7 25.g4 g5 26.Kg3 Kf6 27.f4 gxf4+ 28.Kxf4 h6 29.h4 Kg6
30.Rg2 f6 31.Kf3 Kf7 32.Rgd2 Rg8 33.Nd5 Bxd5 34.Rxd5 Rgb8 35.Rdd2 a4 36.Ke3 Ke6
37.Kd3 Rg8 38.Rg2 a3 39.b3 Rbb8 40.Rcf2 Rg6 41.Rf5 Rbg8 42.Rgf2 Rxg4 43.Rxf6+ Kd7
44.Rxh6 Rg2 45.Rhf6 R8g3+ 46.Kc2 Rg1 47.Rf1 Rxf1 48.Rxf1 Rg2+ 49.Kc3 Rg3+
50.Kc2 Rh3 51.Rf8 Rh2+ 52.Kc3 Rxa2 53.Ra8 Rh2 54.Rxa3 Rxh4 55.Ra7 Rxe4 56.Kd3 Rh4
57.Kc3 Rh3+ 58.Kc2 Rh7 59.Kc3 Ke6 60.Ra8 Rh3+ 61.Kb2 Ke5 62.Rg8 Rh7 63.Rg5+ Kf6
64.Rg8 Ke6 65.Ra8 c6 66.Ra6 Rc7 67.Kc3 Ke5 68.Ra5 Ke4 69.Ra8 d5 70.Re8+ Kf5
71.b4 cxb4+  1/2-1/2

[Event "AUT-chT9596"]
[Site "?"]
[Date "1996.??.??"]
[Round "?"]
[White "Herzog, Adolf"]
[Black "Vombek, Dani"]
[Result "1/2-1/2"]
[WhiteElo "2380"]
[BlackElo "2300"]

1.d4 Nf6 2.Nf3 g6 3.c4 Bg7 4.Nc3 O-O 5.e4 d6 6.Be2 e5 7.O-O exd4 8.Nxd4 Re8
9.f3 Nc6 10.Nc2 Nd7 11.Nd5 Nc5 12.Rb1 a5 13.b3 f5 14.Bb2 Ne5 15.f4 c6 16.fxe5 cxd5
17.exf5 Bxf5 18.exd6 Qxd6 19.Bf3 Bxb2 20.Bxd5+ Be6 21.Rxb2 Bxd5 22.cxd5 Rad8
23.Ne1 Qxd5 24.Qxd5+ Rxd5 25.Rc2 Re7 26.Nf3 Na6 27.Re1 Rxe1+ 28.Nxe1 Rd7
29.Kf2 Nb4 30.Re2 Nd3+ 31.Nxd3 Rxd3 32.Rc2 Rd7 33.Rc8+ Kf7 34.Ke2 Ke6 35.Rc5 b6
36.Rc6+ Rd6 37.Rc7 h5 38.Ke3 Ke5 39.h3 Kf5 40.Rf7+ Ke6 41.Rf8 Ke7 42.Rg8 Kf6
43.h4 Kf5 44.Kf3 Rd3+ 45.Ke2 Rd6 46.Kf3 Rd3+ 47.Ke2 Rd6 48.Kf3 Rd3+ 49.Ke2 Rd6
50.Kf3  1/2-1/2

[Event "AUT-chT9596"]
[Site "?"]
[Date "1996.??.??"]
[Round "?"]
[White "Miniboeck, Guenter"]
[Black "Popovic, Petar"]
[Result "0-1"]
[WhiteElo "2350"]
[BlackElo "2570"]

1.d4 Nf6 2.c4 g6 3.Nc3 Bg7 4.e4 d6 5.Nf3 O-O 6.Be2 e5 7.dxe5 dxe5 8.Qxd8 Rxd8
9.Bg5 Nbd7 10.O-O-O Rf8 11.Nd2 Nc5 12.Be3 Ne6 13.Nb3 Nf4 14.Bf1 Ng4 15.Bc5 Ne6
16.Bxf8 Bxf8 17.Re1 Nxf2 18.Rg1 Nd4 19.Be2 c6 20.Kb1 Be6 21.h3 a5 22.Rgf1 Nxe2
23.Rxf2 Nxc3+ 24.bxc3 Bxc4 25.Rd1 a4 26.Nc1 Be6 27.Nd3 a3 28.g4 Ra5 29.Ne1 Be7
30.Ng2 Rb5+ 31.Ka1 Rc5 32.Rf3 Rc4 33.Re1 b5 34.Kb1 Kg7 35.Re2 Ra4 36.Ne1 c5
37.Nc2 h6 38.Rf1 Bc4 39.Rfe1 Bxe2 40.Rxe2 Bg5 41.Ne1 Rc4  0-1

[Event "AUT-chT9596"]
[Site "?"]
[Date "1996.??.??"]
[Round "?"]
[White "Hoelzl, Franz"]
[Black "Freitag, Manfred"]
[Result "1/2-1/2"]
[WhiteElo "2430"]
[BlackElo "2305"]

1.d4 Nf6 2.Nf3 g6 3.c4 Bg7 4.Nc3 O-O 5.e4 d6 6.Be2 Qe8 7.O-O e5 8.dxe5 dxe5
9.Bg5 c6 10.a3 Na6 11.Qd6 Be6 12.Qd2 Nc5 13.Qc2 Bg4 14.Be3 Nfd7 15.Rfd1 Qe7
16.Nd2 Bxe2 17.Nxe2 a5 18.b4 axb4 19.axb4 Na6 20.b5 Nac5 21.Nb3 Rfc8 22.bxc6  1/2-1/2

[Event "AUT-chT9596"]
[Site "?"]
[Date "1996.??.??"]
[Round "?"]
[White "Schweda, Roland"]
[Black "Kraschl, Joerg"]
[Result "1/2-1/2"]
[WhiteElo "2330"]
[BlackElo "2360"]

1.e4 d6 2.c4 g6 3.d4 Bg7 4.Nc3 Nf6 5.Be2 O-O 6.Nf3 e5 7.d5 a5 8.Bg5 h6 9.Bh4 Na6
10.Nd2 Qe8 11.a3 Bd7 12.b3 Nh7 13.Rb1 h5 14.f3 Bh6 15.Bf2 Qe7 16.b4 axb4
17.axb4 h4 18.c5 dxc5 19.b5 Nb4 20.Nc4 f5 21.b6 c6 22.d6 Qf6 23.Bxc5 Na6
24.Bf2 Ng5 25.O-O Ne6 26.Qe1 h3 27.g3 Nac5 28.Kh1 Na4 29.Ra1 Nxc3 30.Qxc3 Bg7
31.Ra7 Rab8 32.Bg1 c5 33.Ne3 Bc6 34.Bc4 fxe4 35.Nd5 Bxd5 36.Bxd5 Kh8 37.Rxb7 Rxb7
38.Bxb7 Rb8 39.Bxe4 Rxb6 40.Rd1 Nd4 41.Qxc5 Rxd6 42.Qc8+ Bf8 43.Qxh3+ Kg7
44.Be3 Nf5 45.Rxd6 Qxd6 46.Bf2 Qd1+ 47.Kg2 Qd2 48.Kf1 Qd1+ 49.Kg2 Qd2  1/2-1/2

[Event "AUT-chT9596"]
[Site "?"]
[Date "1996.??.??"]
[Round "?"]
[White "Pierecker, Markus"]
[Black "Schlosser, Michael"]
[Result "0-1"]
[WhiteElo "2250"]
[BlackElo "2380"]

1.d4 Nf6 2.Nf3 g6 3.c4 Bg7 4.Nc3 O-O 5.e4 d6 6.Be2 Nbd7 7.O-O e5 8.d5 Nc5
9.Qc2 a5 10.b3 Nh5 11.g3 f5 12.a3 fxe4 13.Ng5 Nf4 14.Ngxe4 Nxe2+ 15.Qxe2 Nxe4
16.Qxe4 Bh3 17.Re1 Bf5 18.Qe3 Bg4 19.Bd2 Qd7 20.b4 Bf3  0-1

[Event "AUT-chT9596"]
[Site "?"]
[Date "1996.??.??"]
[Round "?"]
[White "Herndl, Harald"]
[Black "Kranzl, Peter"]
[Result "1-0"]
[WhiteElo "2335"]
[BlackElo "2225"]

1.d4 Nf6 2.c4 g6 3.Nc3 Bg7 4.e4 d6 5.Nf3 O-O 6.Be2 e5 7.O-O Nbd7 8.Be3 exd4
9.Nxd4 Re8 10.f3 c6 11.Qd2 Qe7 12.Bg5 Nc5 13.Nb3 Ne6 14.Be3 Rd8 15.Rad1 b6
16.f4 Bb7 17.Bf3 Ba6 18.Qe2 Rac8 19.Rfe1 Rc7 20.g4 Nd7 21.g5 f6 22.gxf6 Nxf6
23.Nd4 Nxd4 24.Bxd4 Qf7 25.b3 Re7 26.Qd2 Ree8 27.Rf1 Qe7 28.Qg2 Nd7 29.Bxg7 Qxg7
30.e5 dxe5 31.Bxc6 exf4 32.Qd5+ Kh8 33.Ne4 Nf8 34.Nd6 Re7 35.Rxf4 Ne6 36.Qxe6 Rxe6
37.Nf7+ Qxf7 38.Rxd8+  1-0

[Event "AUT-chT9596"]
[Site "?"]
[Date "1996.??.??"]
[Round "?"]
[White "Pierecker, Markus"]
[Black "Winiwarter, Felix"]
[Result "1-0"]
[WhiteElo "2250"]
[BlackElo "2170"]

1.d4 Nf6 2.Nf3 g6 3.c4 Bg7 4.Nc3 O-O 5.e4 d6 6.Be2 e5 7.O-O Nbd7 8.Be3 c6
9.h3 exd4 10.Nxd4 Nc5 11.Qc2 Re8 12.Bf3 a5 13.Rad1 Nfd7 14.Nb3 Qe7 15.Nxc5 Nxc5
16.Rd2 f5 17.Re1 Be5 18.exf5 Bxf5 19.Qd1 Qh4 20.Bxc5 dxc5 21.Rde2 Red8 22.Qb3 Bd4
23.Qxb7 Bd3 24.Rd2 Bxc4 25.Qxc6 Rf8 26.Re4 Qf6 27.Qxf6 Rxf6 28.Rexd4 cxd4
29.Bxa8 dxc3 30.bxc3 Kf8 31.Bd5 Rd6 32.Rd4 Rxd5 33.Rxc4 Rd1+ 34.Kh2 Rd2 35.Rf4+ Ke7
36.Ra4 Rxf2 37.Rxa5 Rc2 38.Ra7+ Kf6 39.Rxh7 Rxa2 40.Rc7 Rc2 41.Kg3 Kf5 42.Kf3 Kg5
43.g3 Rc1 44.Rc5+ Kf6 45.Kf4 Rf1+ 46.Kg4 Rg1 47.Rc6+ Kf7 48.Kf4 Rg2 49.g4 Rh2
50.Kg5 Rxh3 51.Rc7+ Kf8 52.Kxg6 Rf3 53.g5 Rg3 54.c4 Ke8 55.c5 Kd8 56.Rf7 Ke8
57.Rf1 Rc3 58.Kg7 Rxc5 59.Re1+ Kd8 60.g6 Rg5 61.Kf7 Rg2 62.g7 Rf2+ 63.Kg8 Kd7
64.Rh1  1-0

[Event "AUT-chT2S 9596"]
[Site "AUT"]
[Date "1996.??.??"]
[Round "?"]
[White "Janisch, Robert"]
[Black "Scheck, Rudolf"]
[Result "1/2-1/2"]
[WhiteElo "2075"]
[BlackElo "2185"]

1.d4 Nf6 2.c4 g6 3.Nc3 Bg7 4.e4 d6 5.Nf3 O-O 6.Be2 e5 7.d5 Na6 8.Bg5 h6 9.Bxf6 Qxf6
10.O-O Qe7 11.Ne1 f5 12.Nd3 Bd7 13.b4 b6 14.a4 fxe4 15.Nxe4 c5 16.b5 Nc7
17.a5 Bf5 18.f3 h5 19.Qd2 Bxe4 20.fxe4 Kh7 21.Rxf8 Qxf8 22.Bf3 Bh6 23.Qe2 bxa5
24.Rxa5 Qb8 25.Qa2 a6 26.Be2 axb5 27.Rxa8 Nxa8 28.cxb5 Be3+ 29.Kh1 Qxb5 30.Nxe5 Qb8
31.Nc4 Bd4 32.Nxd6 Qxd6 33.Qxa8 Qf4 34.Qb7+ Kh6 35.Qb1 h4 36.Bd3 Be5 37.Qg1 h3
38.Bb1 Bd4 39.Qe1 c4 40.Bc2 c3 41.Qe2 hxg2+ 42.Kxg2 Qg5+ 43.Kh3 Be5 44.Qf2 Kg7
45.Qa7+ Kh6 46.Qf2 Kg7 47.Qa7+ Kh6 48.Qf2  1/2-1/2

[Event "AUT-chT2S 9596"]
[Site "AUT"]
[Date "1996.??.??"]
[Round "?"]
[White "Mitterbacher, F."]
[Black "Buchegger, J."]
[Result "0-1"]
[WhiteElo "1955"]
[BlackElo "2015"]

1.d4 Nf6 2.Nf3 g6 3.c4 Bg7 4.Nc3 O-O 5.e4 d6 6.Be2 e5 7.dxe5 dxe5 8.O-O c6
9.Qxd8 Rxd8 10.h3 Re8 11.Rd1 Na6 12.Be3 Bf8 13.a3 Nc5 14.Nd2 a5 15.g4 Nfd7
16.Kg2 Ne6 17.Bf1 Bc5 18.Bxc5 Nf4+ 19.Kg3 Nxc5 20.Nf3 f6 21.Rd6 Nfe6 22.Rad1 Kf7
23.h4 h6 24.g5 hxg5 25.hxg5 Nxg5 26.Nxg5+ fxg5 27.Rd8 Be6 28.R8d6 Ke7 29.f3 Rad8
30.Rxd8 Rxd8 31.Rxd8 Kxd8 32.b4 axb4 33.axb4 Na6 34.b5 Nc5 35.Nd1 Ke7 36.Ne3 Kd6
37.Bh3 Nd7 38.bxc6 bxc6 39.Bxe6 Kxe6 40.Kf2 Kd6 41.Ke2 Kc5 42.Kd3 Kb4 43.Ng4 Kb3
44.Ne3 Nb6 45.c5 Nd7 46.Ng4 Nxc5+ 47.Kd2 Nd7 48.Ne3 c5 49.Nd5 c4 50.Nc3 Nc5
51.Ne2 Ne6  0-1

[Event "AUT-ch"]
[Site "AUT"]
[Date "1996.??.??"]
[Round "1"]
[White "Danner, Georg"]
[Black "Havlicek, Josef"]
[Result "1-0"]
[WhiteElo "2375"]
[BlackElo "2245"]

1.d4 Nf6 2.Nf3 g6 3.c4 Bg7 4.Nc3 O-O 5.e4 d6 6.Be2 e5 7.d5 Na6 8.Be3 Nc5
9.Nd2 a5 10.a3 Bd7 11.b4 axb4 12.axb4 Na6 13.Qb3 Ng4 14.Bxg4 Bxg4 15.O-O f5
16.f3 f4 17.Bf2 Bd7 18.c5 Kh8 19.Qc4 Qg5 20.Kh1 dxc5 21.bxc5 c6 22.Rfb1 Rab8
23.Rb6 Rfd8 24.Rab1 cxd5 25.exd5 Bf5 26.Nde4 Bxe4 27.Nxe4 Qf5 28.d6 Rbc8
29.Rxb7  1-0